Obálka Náhled e-knihy:
PDF Epub
Pro půjčování e-knih musíte být přihlášeni.
Jak si půjčit online?

Pohřbena zaživa /

Dvě dívky, Dominika a Eliška. Každá z jiného konce republiky. Dva zdánlivě nesouvisející příběhy. Nikdy se nepotkaly – a přesto jsou jejich životy osudově propojeny.Dominika zemřela před sedmi lety násilnou smrtí. Její vrah byl dopaden a odsouzen. Zoufalý otec odsouzeného se však s rozsudkem odmítá...

Celý popis

Uloženo v:
Série:Vítková&Winkler, část 7
Hlavní autor: Veronika, Martinková (Autor)
Médium: E-kniha
Jazyk:Czech
Vydáno: Praha : VM knihy s.r.o., 2026
Příbuzné jednotky:Z cyklu:: Vítková&Winkler
Tagy:
Žádné tagy
LEADER 02017nam a22002417i 4500
001 297670
007 ta
008 260421s2026 xr ||||| |||| 00| 0 cze d
020 |a 9788090928169 
044 |a xr 
100 1 |a  Veronika, Martinková  |4 aut 
245 1 0 |a Pohřbena zaživa /  |c  Veronika, Martinková 
264 1 |a Praha :  |b VM knihy s.r.o.,  |c 2026 
300 |a 1 online zdroj (592 stran) 
336 |a text  |b txt  |2 rdacontent 
337 |a bez média  |b n  |2 rdamedia 
338 |a online zdroj  |b cr  |2 rdacarrier 
520 2 |a Dvě dívky, Dominika a Eliška. Každá z jiného konce republiky. Dva zdánlivě nesouvisející příběhy. Nikdy se nepotkaly – a přesto jsou jejich životy osudově propojeny.Dominika zemřela před sedmi lety násilnou smrtí. Její vrah byl dopaden a odsouzen. Zoufalý otec odsouzeného se však s rozsudkem odmítá smířit a požádá kapitána Davida Winklera, aby znovu otevřel starý případ a našel skutečného pachatele.Ve stejnou dobu beze stopy zmizí sedmnáctiletá Eliška.Během mrazivé prosincové noci se vydává na autobusovou zastávku, odkud však už nikdy neodjede. Do pátrání po dívce se pouští Hana Vítková se svým týmem. Brzy vychází najevo, že Eliščino zmizení může mít znepokojivou spojitost s dávnou vraždou Dominiky.Vyšetřovatelé postupně zjišťují, že pravda je temnější, než si dokázali představit. A že některá tajemství měla zůstat navždy pohřbena. Podaří se jim najít Elišku včas? 
787 0 8 |g 7  |i Z cyklu:  |t Vítková&Winkler 
910 |a RBIT002 
998 |d 426290  |a https://core.palmknihy.cz/api/books/426290/cover?tdquaz  |b https://core.palmknihy.cz/api/books/426290/cover/400?tdquaz  |c https://core.palmknihy.cz/api/books/426290/cover/50?tdquaz  |e 2050-04-19  |g 592  |i 9788090928169  |j https://core.palmknihy.cz/api/books/426290/preview.epub  |k https://core.palmknihy.cz/api/books/426290/preview.pdf  |l   |q 49  |r 1  |s https://www.palmknihy.cz/kniha/426290  |t ebook  |y 2026  |z 1  |v Vítková&Winkler  |w 7 
999 |d 297668